000 00956nam0a22002291 4500
001 v19\rc\1273699
005 20250618004838.0
035 _a(NLR Aleph) 004425343
090 _a4192947
_c4192947
100 _a20060306d1896 |||y0rusy50 ca
101 0 _arus
102 _aRU
105 _aab z |||||
200 1 _aТаблицы результатов испытаний строительных материалов. 1893-1896
_fСост. инж.-механик Я. Маргулиес, лаборант при постройке Средне-Сибир. ж. д.
_gСредне-Сиб. ж. д. Механ. лаборатория
210 _aТомск
_cтип. Г.В. Прейсман и Н.Я. Беляева
_d1896
215 _a181 с. разд. паг., 1 л. карт.
_cчерт.
_d29
700 1 _aМаргулиес
_bЯ.
_4220
801 0 _aRU
_bNLR
_gpsbo
801 1 _aRU
_bProSoft-M
_2rusmarc
852 _aNLR
_j70-8/331
942 _cBOOK
980 _aNB